000 00288nam a22001337a 4500
008 171010b xxu||||| |||| 00| 0 eng d
020 _a0070198462
041 _aeng
080 _a316
100 _a50
101 _aSOC
245 _aCAPTAINS OF CONSCIOUSNESS
_cEWEN,S
942 _2udc
_cBK
999 _c32837
_d32837